000 01127nam a2200265 4500
005 20240530110402.0
008 150124s2012 ua fd f b 000 0 ara d
017 _a2011/11780
_bمصر . دار الكتب المصرية
020 _a9789773279073
040 _aEG-CaGPL
041 0 _aara
082 0 4 _221
_a726.2
_bم م
100 0 _aمحمد احمد عبداللطيف
245 1 0 _aموسوعة المآذن العثمانية /
_cمحمد احمد عبداللطيف ؛ تقديم محمد عبدالستار عثمان
250 _aط1
260 _aالاسكندرية :
_bدار الوفاء لدنيا الطباعة والنشر ،
_c2012
300 _a2 مج :
_bلوحات ؛
_c24 سم
504 _aيشتمل على ارجاعات ببليوجرافية
650 0 4 _aالمآذن
_xعمارة
_zالقاهرة
650 0 4 _aالمآذن
_xعمارة
_yالعصر العثمانى
650 0 4 _aالمآذن
_xزخرفة
_yالعصر العثمانى
_zالقاهرة
700 0 _aمحمد عبدالستار عثمان
_eمقدم
942 _2ddc
_cBK
999 _c60293
_d60293